Quan điểm của Lawrence Cahoone trong tác phẩm: "Từ Chủ nghĩa Hiện đại tới Chủ nghĩa Hậu hiện đại" /

Gespeichert in:
Bibliographische Detailangaben
1. Verfasser: Vũ Văn Gầu.
Weitere Verfasser: Vũ Thị Thanh Thảo.
Format: Artikel
Sprache:Vietnamese
Tags: Tag hinzufügen
Keine Tags, Fügen Sie den ersten Tag hinzu!
Thư viện lưu trữ: Thư viện Trường Đại học Đà Lạt
LEADER 00851nam a2200241 4500
001 DLU180183370
005 ##20180122
040 # # |a DLU  |b vie 
041 # # |a vie 
044 # # |a vn 
100 # # |a Vũ Văn Gầu. 
245 # # |a Quan điểm của Lawrence Cahoone trong tác phẩm: "Từ Chủ nghĩa Hiện đại tới Chủ nghĩa Hậu hiện đại" /  |c Vũ Văn Gầu, Vũ Thị Thanh Thảo. 
700 # # |a Vũ Thị Thanh Thảo. 
773 # # |t Chủ nghĩa hậu hiện đại và phong trào tôn giáo mới ở Việt Nam và thế giới  |g 2014, tr. 21-29 
920 # # |a Phòng Sau đại học -- Trung tâm Thông tin - Thư viện Trường Đại học Đà Lạt 
994 # # |a DLU 
900 # # |a True 
911 # # |a Hoàng Thị Huyền 
925 # # |a G 
926 # # |a A 
927 # # |a BB 
980 # # |a Thư viện Trường Đại học Đà Lạt